Opeľovanie ďatelinovín

Bibliographic Details
Main Author: Zubal, Pavel (Author)
Format: Article
Language:Slovak

MARC

LEADER 00000nab a2200000ua 4500
001 vtls010755239
003 SK-MaSNL
005 20260304200459.0
008 250718s1980 xo |||||||||||||||||slo|
035 |a (urnnbn)urn:nbn:sk:snk:ar-a00tk7 
035 |a (uuid)2d8d4163-fa4d-4812-b322-908cb3c7073a 
035 |a urn:nbn:sk:snk-ab52u7 
040 |a SNKBUCL  |b slo  |c SNKBUCL  |e AACR2 
041 0 |a slo 
044 |a xo  |c SK 
100 1 |a Zubal, Pavel  |4 aut  |9 5384 
245 1 0 |a Opeľovanie ďatelinovín  |c Pavel Zubal 
773 0 |t Včelár : odborný časopis Povereníctva poľnohospodárstva a lesného hospodárstva a Ústredia včelárskych združení na Slovensku  |g Roč. 54, č. 6 (1980), s. 136-137 
850 |a Slovenská národná knižnica 
852 |a Slovenská národná knižnica 
954 |a odborná, vedecká literatúra pôvodná (slovenská)  |2 lita 
958 |a article3 
958 |a OND 
958 |a EUIPO 
999 |c 3088607  |d 3090537